Demographic estimation for devoloping socities: a manual of techniques for the detection and reduction of errors in demo (Record no. 408130)

000 -LEADER
fixed length control field 00518cam a22001457a 4500
008 - FIXED-LENGTH DATA ELEMENTS--GENERAL INFORMATION
fixed length control field 180718b1971 xxu||||| |||| 00| 0 eng d
082 ## - DEWEY DECIMAL CLASSIFICATION NUMBER
Classification number B12 C234
100 ## - MAIN ENTRY--PERSONAL NAME
Personal name Carrier, Norman
245 ## - TITLE STATEMENT
Title Demographic estimation for devoloping socities: a manual of techniques for the detection and reduction of errors in demo
Statement of responsibility, etc. by Norman Carrier and John Hobcraft
260 ## - PUBLICATION, DISTRIBUTION, ETC.
Place of publication, distribution, etc. London
Name of publisher, distributor, etc. Population Investigation Committee
Date of publication, distribution, etc. 1971
300 ## - PHYSICAL DESCRIPTION
Extent v, 204p
650 ## - SUBJECT ADDED ENTRY--TOPICAL TERM
Topical term or geographic name entry element Hobcraft, John
650 ## - SUBJECT ADDED ENTRY--TOPICAL TERM
Topical term or geographic name entry element Demography
700 ## - ADDED ENTRY--PERSONAL NAME
Personal name Hobcraft, John
Holdings
Withdrawn status Lost status Damaged status Not for loan Permanent Location Current Location Date acquired Full call number Barcode Date last seen Price effective from Koha item type
        Indian Institute of Public Administration Indian Institute of Public Administration 2008-12-16 B12 C234 DA4343 2018-07-21 2018-07-21 DA

Powered by Koha